| 000 | 00466nam a2200157Ia 4500 | ||
|---|---|---|---|
| 008 | 170221s9999 xx 000 0 und d | ||
| 100 | _aUmit Inatci | ||
| 245 | _aArt and Communication: Conflict and Reconstruction for Autonomous Identity | ||
| 245 | _cUmit Inatci | ||
| 260 | _bOnline Journal of Communication and Media Technologies | ||
| 260 | _c2013 | ||
| 300 | _a4 : | ||
| 650 | _xCommunication | ||
| 650 | _xMedia Arts | ||
| 856 | _uhttp://www.ojcmt.net/ | ||
| 999 |
_c308874 _d308874 |
||